Bezpečnosť a ochrana zdravia pri práci v podniku bakalárska práca

Saved in:
Bibliographic Details
Main Author: Klučíncová, Iveta
Corporate Author: Fakulta podnikového manažmentu EU. Katedra manažmentu výroby a logistiky - zrušená
Other Authors: Gubová, Klaudia, 1986-
Format: Book
Language:Slovak
Published: Bratislava 2015
Tags: Add Tag
No Tags, Be the first to tag this record!

MARC

LEADER 00000nbm a2200000 4500
001 0202966
005 20161212102457.2
041 0 |a slo 
044 |a SK 
245 1 0 |a Bezpečnosť a ochrana zdravia pri práci v podniku  |b bakalárska práca  |c Iveta Klučíncová ; školiteľ: Klaudia Gubová 
264 1 |a Bratislava  |c 2015 
300 |a 55 s. 
100 1 |a Klučíncová, Iveta 
700 1 |a Gubová, Klaudia, 1986- 
710 2 |a Fakulta podnikového manažmentu EU. Katedra manažmentu výroby a logistiky - zrušená